00543nam a2200157Ia 4500008004100000041000800041082001600049100002300065245009300088250000600181260003800187300001100225650002100236999001900257952010900276210716s1992 xx 000 0 und d aeng a005.45 STUR aStultz, Russell A. aIllustrated ms dos 5.0: and all previous ms/dos versions.bAll previous ms/dos versions. a1 aNew DelhibBPB Publicationsc1992 aix,302 aMS DOS(005.3682) c182482d182482 001040708MCAaAIMITbAIMITd2021-07-16l0o005.45 STURpMCA01990r2026-05-23 00:00:00w2021-07-16yBK